| 000 | 01642nas a22003255i 4500 | ||
|---|---|---|---|
| 001 | 1687-3963 | ||
| 003 | DE-He213 | ||
| 005 | 20220321111440.0 | ||
| 007 | cr nn 008mamaa | ||
| 008 | 150723s||||||||sz uu poo|||||| b|EN |d | ||
| 022 | _a1687-3963 | ||
| 024 | 7 |
_a10.1007/13639.1687-3963 _2doi |
|
| 210 | 1 | 0 | _aJ Embedded Systems |
| 245 | 1 | 0 |
_aEURASIP Journal on Embedded Systems _h[electronic resource] / _cedited by Leonel Sousa. |
| 264 | 1 |
_aCham : _bSpringer International Publishing : _bImprint: Springer. |
|
| 300 | _bonline resource. | ||
| 520 | _aEURASIP Journal on Embedded Systems will cease to be published by SpringerOpen and no longer is accepting submissions. You may wish to submit to another SpringerOpen journal. Please visit the SpringerOpen website for a complete list of our journals. SpringerOpen will continue to host an archive of all articles previously published in the journal and all articles published in EURASIP Journal on Embedded Systems during its time with SpringerOpen will remain fully searchable via the SpringerOpen website. | ||
| 650 | 0 | _aSignal processing. | |
| 650 | 0 | _aElectronic circuits. | |
| 650 | 0 | _aMicroprogramming . | |
| 650 | 0 | _aElectronic circuits. | |
| 650 | 1 | 4 | _aSignal, Speech and Image Processing. |
| 650 | 2 | 4 | _aElectronic Circuits and Systems. |
| 650 | 2 | 4 | _aControl Structures and Microprogramming. |
| 650 | 2 | 4 | _aElectronic Circuits and Systems. |
| 700 | 1 |
_aSousa, Leonel. _eeditor. _4edt _4http://id.loc.gov/vocabulary/relators/edt |
|
| 710 | 2 | _aSpringerLink (Online service) | |
| 856 | 4 | 0 |
_uhttps://doi.org/10.1007/13639.1687-3963 _zOpen Access |
| 999 |
_c463146 _d463146 |
||